Verbes irréguliers en espagnol - Statistiques

Statistiques générales
  • Ce quiz a été pris 85 fois
  • Le résultat moyen est 73 sur 112
Statistiques - réponses
pronoms conjugaison % Correct
él/ella/usted ve
89%
él/ella/usted pone
87%
nosotros vemos
87%
ves
87%
vosotros ponéis
85%
nosotros ponemos
85%
yo
85%
ellos ponen
83%
pones
83%
vosotros veis
83%
ellos ven
83%
yo pongo
81%
él/ella/usted va
81%
ellos van
81%
yo veo
81%
yo voy
81%
vosotros podéis
80%
nosotros podemos
80%
él/ella/usted puede
80%
ellos pueden
80%
puedes
80%
yo puedo
80%
vas
80%
él/ella/usted es
78%
vosotros queréis
78%
nosotros queremos
78%
él/ella/usted quiere
78%
quieres
78%
yo quiero
78%
vosotros vais
78%
nosotros vamos
78%
ellos quieren
76%
Traduction : voir ver
76%
eres
74%
él/ella/usted está
74%
yo estoy
74%
yo soy
74%
yo tengo
74%
vosotros estáis
72%
nosotros estamos
72%
ellos estan
72%
estás
72%
él/ella/usted hace
72%
Traduction : aller ir
72%
Traduction : mettre poner
72%
nosotros somos
72%
ellos son
72%
vosotros tenéis
72%
nosotros tenemos
72%
él/ella/usted tiene
72%
ellos tienen
72%
tienes
72%
vosotros hacéis
70%
nosotros hacemos
70%
ellos hacen
70%
haces
70%
Traduction : vouloir querer
70%
él/ella/usted sabe
69%
Traduction : être (permanent) ser
69%
vosotros sois
69%
Traduction : pouvoir poder
67%
vosotros sabéis
67%
nosotros sabemos
67%
ellos saben
67%
sabes
67%
Traduction : être (temporaire) Estar
65%
yo hago
65%
él/ella/usted da
63%
ellos dan
63%
das
63%
Traduction : avoir tener
63%
vosotros dais
61%
nosotros damos
61%
él/ella/usted dice
61%
ellos dicen
61%
dices
61%
nosotros decimos
59%
vosotros decís
59%
Traduction : faire hacer
59%
Traduction : savoir saber
59%
nosotros venimos
59%
Traduction : venir venir
59%
él/ella/usted viene
59%
vienes
59%
Traduction : donner dar
57%
yo digo
57%
yo vengo
57%
vosotros venís
57%
ellos vienen
57%
Traduction : dire decir
56%
yo doy
52%
Traduction : entendre oir
46%
Traduction : suivre seguir
46%
nosotros seguimos
43%
yo sigo
43%
él/ella/usted sigue
43%
nosotros oímos
41%
vosotros oís
41%
ellos siguen
41%
sigues
41%
yo oigo
39%
vosotros seguís
39%
él/ella/usted pide
33%
ellos piden
33%
yo pido
33%
nosotros pedimos
31%
Traduction : demander pedir
31%
pides
31%
él/ella/usted oye
30%
oyes
30%
vosotros pedís
30%
ellos oyen
28%
Aucun quiz correspondant
Distribution des résultats
% des personnes avec chaque résultat
Percentile par nombre de réponses
Votre historique - résultats
Vous n’avez pas pris ce quiz